Countries of National Independence days In September - Statistics

General Stats
  • This quiz has been taken 14 times
  • The average score is 8 of 21
Answer Stats
How They Got Independence Hint Answer % Correct
Independence from the United Kingdom of Portugal, Brazil and the Algarves September 7 Brazil
80%
Independence from Spain September 15-16 Mexico
80%
Independence from Spain September 15 Guatemala
60%
Independence from Spain September 15 Honduras
60%
Independence from Spain September 15 Nicaragua
60%
Independence from Spain September 15 Costa Rica
50%
Independence from Spain September 15 El Salvador
50%
Independence from the Soviet Union September 21 Armenia
40%
Independence from Yugoslavia September 8 Former Yugoslav Republic of Macedonia
40%
Independence from the Soviet Union September 9 Tajikistan
40%
Declaration of independence from Portugal September 24 Guinea Bissau
30%
Independence from Australia September 16 Papua New Guinea
30%
Independence from USSR September 1 Uzbekistan
30%
Proclamation of independence from Japan and France September 2 Vietnam
30%
Independence from the UK September 21 Belize
20%
Independence from the United Kingdom September 30 Botswana
20%
Independence from the Ottoman Empire September 22 Bulgaria
20%
Independence from the UK September 19 Saint Kitts and Nevis
10%
Independence from the UK September 6 Swaziland
10%
Independence from the France September 22 Mali
0%
Independence from the UK September 21 Malta
0%
No matching quizzes found
Score Distribution
Percent of People with Each Score
Percentile by Number Answered
Your Score History
You have not taken this quiz